00494nam a2200157Ia 4500001000500000005001700005008004100022041000800063082001900071100004900090245014500139260000900284300002700293650000800320654000800328756720260306160505.0260306t2011||||xx |||||||||||||| ||spa|| aESP a351bU61 Nº 2 aUniversidad Católica Sedes SapientiaeeAUT 0aLa gestión de cambio para una mayor eficiencia de la promoción del desarrollo económico local desde los gobiernos locales y regionales c2011 a69 páginas :c28 cm. aGEN aCAN